Stephen King je "Horror King"

Bibliographic Details
Main Author: Nail, Bob (Author)
Format: Article
Language:Slovak
PhysicalDescription:Fot. 2.
Subjects:

MARC

LEADER 00000nab a2200000 a 4500
001 vtls000452312
003 SK-MaSNL
005 20260304000531.0
008 120926c1992 xo 0 slo
015 |a SNBRB19rr/mm-uuuuu 
035 |a CL0452443 
040 |a SNKBUCL  |b slo  |c SNKBUCL  |e AACR2 
041 0 |a slo 
044 |a xo  |c SK 
080 |a 82:929:820 (73)  |2 1981 
080 |a 929  |2 1981 
080 |a 820 (73)  |2 1981 
080 |a 929 King, Stephen  |2 1981 
100 1 |a Nail, Bob  |4 aut  |9 966668 
245 1 0 |a Stephen King je "Horror King"  |c Bob Nail 
300 |b Fot. 2. 
600 1 7 |a King, Stephen,  |d 1947-  |2 snkbucl  |9 89619 
650 0 7 |a horor (literatúra)  |2 snkbucl  |9 92383 
655 7 |a články z novín a časopisov  |2 snkbucl  |9 267496 
655 7 |a články z odboru literárna veda a krásna literatúra  |2 snkbucl  |9 770045 
773 0 |t Film Fan  |g Roč. 2, č. 4 (1992), s. 24-25 
850 |a Slovenská národná knižnica v Martine  |a MTA001 
852 |a SNK  |b KIS3GCP 
958 |a RK 
958 |a LX 
992 |a RBX 
999 |c 2531700  |d 2533630